000
00342pam a2200157a 44500
008
230515b2006 xxu||||| |||| 00| 0 eng d
020
_a
0
041
_a
ENGLISH
082
_a
618.2 PAD
100
_a
PADUBIDRI V.G.
245
_a
OBSTETRICS
250
_a
3 RD
260
_a
NEW DELHI
_b
N.D.
_c
2006
300
_a
171
650
_a
OBSTETRICS
999
_c
482547
_d
482547